| 000 | 00655cam a22002173a 4500 | ||
|---|---|---|---|
| 001 | 19827 | ||
| 003 | PGUSA | ||
| 005 | 20140828083423.0 | ||
| 008 | 061116s2006||||xxu|||||s|||||000 | eng d | ||
| 040 |
_aPGUSA _beng |
||
| 042 | _adc | ||
| 050 | 4 | _aAP | |
| 245 | 1 | 4 |
_aThe Atlantic Monthly, Volume 13, No. 80, June, 1864 : _bA Magazine of Literature, Art, and Politics _h[electronic resource] / _cVarious |
| 260 |
_bProject Gutenberg, _c2006 |
||
| 506 | _aPublic domain in the USA. | ||
| 516 | _aElectronic text | ||
| 653 | _aAmerican periodicals | ||
| 830 | 0 |
_aProject Gutenberg _v19827 |
|
| 856 | 4 | 0 | _uhttp://www.gutenberg.org/ebooks/19827 |
| 942 | _cEB | ||
| 999 |
_c249082 _d249082 |
||